Online
Catalog

Anales del reinado de Felipe II. / (Record no. 40058)

MARC details
000 -CABECERA
campo de control de longitud fija 00999nam a2200253 a 4500
001 - NÚMERO DE CONTROL
campo de control 000040568
005 - FECHA Y HORA DE LA ÚLTIMA TRANSACCIÓN
campo de control 20201002034224.0
008 - DATOS DE LONGITUD FIJA--INFORMACIÓN GENERAL
campo de control de longitud fija 130902s2002 sp 001 0 spa d
020 ## - NÚMERO INTERNACIONAL ESTÁNDAR DEL LIBRO
Número Internacional Estándar del Libro 8484830772
040 ## - FUENTE DE LA CATALOGACIÓN
Centro catalogador/agencia de origen DO-SdBNP
Lengua de catalogación spa
Centro/agencia transcriptor BNPHU
082 ## - NÚMERO DE LA CLASIFICACIÓN DECIMAL DEWEY
Número de clasificación xxx
Número de documento/Ítem xxxx
100 1# - ENTRADA PRINCIPAL--NOMBRE DE PERSONA
Nombre de persona Verzosa, Juan de; prólogo, Juan Gil; introducción, edición crítica, traducción anotada e índices, José María Maestre Maestre
9 (RLIN) 66891
245 10 - MENCIÓN DE TÍTULO
Título Anales del reinado de Felipe II. /
Mención de responsabilidad, etc. Juan de Verzosa.
260 ## - PUBLICACIÓN, DISTRIBUCIÓN, ETC.
Lugar de publicación, distribución, etc. Madrid, España :
Nombre del editor, distribuidor, etc. Instituto de estudios humanísticos,
Fecha de publicación, distribución, etc. 2002.
300 ## - DESCRIPCIÓN FÍSICA
Extensión ccxxx, 280 p. ;
Dimensiones 24 cm.
490 1# - MENCIÓN DE SERIE
Mención de serie Textos y estudios humanisticos
-- Textos
500 ## - NOTA GENERAL
Nota general Índice cronológico de hechos históricos
500 ## - NOTA GENERAL
Nota general Índice alfabético de hechos históricos
500 ## - NOTA GENERAL
Nota general Index nominvm
500 ## - NOTA GENERAL
Nota general Índice de nombres propios
700 1# - PUNTO DE ACCESO ADICIONAL--NOMBRE DE PERSONA
Nombre de persona Maestre Maestre, José María
9 (RLIN) 43470
700 1# - PUNTO DE ACCESO ADICIONAL--NOMBRE DE PERSONA
Nombre de persona Gil, Juan
Término indicativo de función/relación prol.
9 (RLIN) 66892
830 #0 - PUNTO DE ACCESO ADICIONAL DE SERIE-TÍTULO UNIFORME
Título uniforme Textos y estudios humanisticos
Información miscelánea serie textos
9 (RLIN) 66893
Holdings
Estado de retiro Estado de pérdida Restricciones de uso No para préstamo Código de colección Localización permanente Ubicación/localización actual Ubicación en estantería Fecha de adquisición Número de inventario Total de préstamos Signatura topográfica completa Código de barras Fecha visto por última vez Precio válido a partir de Tipo de ítem Koha Número de copia
      Excluido de préstamo Monografías: Libros y Folletos General General En catalogación 02.09.2013 LF1   xxx xxxx 40568-10 25.06.2020 25.06.2020 No se presta  
      Excluido de préstamo Monografías: Libros y Folletos General General En catalogación 03.10.2013 LF1   xxx xxxx 40568-20 25.06.2020 25.06.2020 No se presta e. 2

Powered by Koha